=LDR 00000nam 2200000 4500 =001 INLIS000000000006082 =005 20200227111757 =035 ##$$a 0010-061300000006082 =008 200227################g##########0#ind## =041 ##$$a Ind =082 ##$$a 153 =090 ##$$a 153 Ree m =100 1#$$a Reed, Warren H. =245 1#$$a Mendengarkan secara positif : $b Cara mendengarkan yang sebenarnya diucapkan orang lain kepada anda /$c Warren H. Reed ; penerjemah, Drs. J.C. Widyo Kartono =260 ##$$a Jakarta :$b Gunung Mulia,$c 1991 =300 ##$$a 196 hlm. ; $c 20 x 13 cm. =650 #4$$a Mendengarkan ( Komunikasi ) =850 ##$$a NBPNMAT =020 ##$$a 979-415-657-4 =084 ##$$a 153 REE m =250 ##$$a cet. 1 =700 1#$$a Kartono, J.C. Widyo =520 ##$$a Judul asli ; Positive listening =990 ##$$a 60.478/Pro-93 =990 ##$$a DW00020669 =990 ##$$a DW00020670